000 00604nam a22002052 4500
001 0000005032
005 20151217155826.0
008 070605s xx 000 0 eng d
040 _aKABU
_cKABU
050 0 _aRA644
_b.A25K46 2005
110 2 _aKenya.
_bMinistry of Health.
_@0000156093
245 1 0 _aAIDS in Kenya :
_btrends, interventions and impact.
250 _a7th ed.
260 _aNairobi :
_bMinistry of Health,
_c2005.
300 _aviii, 96 p.
650 0 _aAIDS (Disease)
_@0000148458
908 _a070605
950 _@1
999 _c12948
_d12948